| 000 | 06732nam a22005177a 4500 | ||
|---|---|---|---|
| 005 | 20120530111327.0 | ||
| 010 | _aB-485250-274 | ||
| 020 |
_a9780143065678 _c299.00 |
||
| 035 | _aB-485250-274 | ||
| 037 | _bके.के.पब्लिकेशंस | ||
| 082 | _aउ | ||
| 100 |
_aथरू, पॉल _953503 |
||
| 245 |
_aद ग्रेट रेलवे बाज़ार : _cपॉल थरू; गजेंन्द्र राठी द्वारा अनुदित _bट्रेन से एशिया का सफ़र / |
||
| 260 |
_aनई दिल्ली _bपेंगुइन बुक्स _c2010 |
||
| 270 |
_a11, कम्युनिटी सैंटर, पंचशील पार्क, _bनई दिल्ली _e110017 |
||
| 300 |
_aviii, 335पृ. _c21सेमी(अजिल्द) |
||
| 700 |
_aराठी, गजेंन्द्र _948163 |
||
| 942 |
_2ddc _cHN _hउ _mथरूपॉ |
||
| 999 |
_c67337 _d67337 |
||